On exchange rate policy : the case of Egypt, 1970-2001 /

Saved in:
நூற்பட்டியல் விவரங்கள்
தலைமை எழுத்தாளர்: Mohieldin, Mahmoud.
குழும எழுத்தாளர்: Bank al-Kuwayt al-Ṣināʻī.
மற்ற எழுத்தாளர்கள்: Kouchouk, Ahmad.
வடிவம்: புத்தகம்
மொழி:English
வெளியீடப்பட்டது: Safat, Kuwait : Industrial Bank of Kuwait K.S.C., 2004.
தொகுதி:IBK papers ; series no. 76.
பகுதிகள்:
குறியீடுகள்: குறிச்சொல் இணை
குறியீடுகள் இல்லை, இந்த குறிச்சொல்லை முதலில் பதிவு செய்யுங்கள்!
LEADER 00926cam a2200289Ia 4500
001 009359436-4
005 20040511124006.0
008 040506s2004 ku a b 000 0 eng d
035 0 |a ocm55090251 
040 |a HBS  |c HBS 
043 |a f-ua--- 
050 4 |a HG3982.7  |b .M64 2004 
090 |a HG3982.7  |b .M64 2004 
100 1 |a Mohieldin, Mahmoud. 
245 1 0 |a On exchange rate policy :  |b the case of Egypt, 1970-2001 /  |c Mahmoud Mohieldin & Ahmad Kouchouk. 
260 |a Safat, Kuwait :  |b Industrial Bank of Kuwait K.S.C.,  |c 2004. 
300 |a 52 p. :  |b ill. ;  |c 21 cm. 
490 1 |a IBK papers ;  |v series no. 76 
500 |a "March 2004." 
504 |a Includes bibliographical references. 
650 0 |a Foreign exchange rates  |z Egypt. 
650 0 |a Monetary policy  |z Egypt. 
700 1 |a Kouchouk, Ahmad. 
710 2 |a Bank al-Kuwayt al-Ṣināʻī. 
830 0 |a IBK papers ;  |v series no. 76. 
988 |a 20040511 
906 |0 MH